Statistics for Top Five Points of Interest By Country

Click here to take the quiz!

General Stats

  • This quiz has been taken 319 times
  • The average score is 8 of 30

Answer Stats

HintAnswer% Correct
FranceEiffel Tower
94%
ItalyColosseum
69%
FranceThe Louvre
65%
United KingdomBig Ben
62%
ChinaGreat Wall of China
62%
United StatesStatue of Liberty
62%
RussiaMoscow Kremlin
48%
FranceNotre Dame de Paris
33%
ChinaForbidden City
30%
United StatesGolden Gate Bridge
30%
United KingdomPalace of Westminster
29%
United KingdomTower of London
29%
United StatesDisneyland
28%
RussiaRed Square
28%
FranceArc de Triomphe
26%
United StatesWalt Disney World
25%
United StatesYellowstone National Park
15%
ItalyPantheon
14%
ItalySt. Peter's Basilica
13%
ChinaTerracotta Army
13%
RussiaHermitage Museum
11%
RussiaSt. Basil's Cathedral
11%
United KingdomBritish Museum
8%
United KingdomWindsor Castle
7%
ItalyUffizi Gallery
4%
ItalyFlorence Cathedral
2%
ChinaThe Bund
2%
FranceFrench Riviera
1%
RussiaPeterhof Palace
1%
ChinaTemple of Heaven
1%

Score Distribution

Percentile by Number Answered

Percent of People with Each Score

Your Score History

You have not taken this quiz